|
|
|
|
| LEADER |
01072naa a22002054a 4500 |
| 003 |
AR-BeUNQ |
| 005 |
20251212102332.0 |
| 007 |
ta |
| 008 |
251212s2015 sp 000 0 spa d |
| 999 |
|
|
|c 39891
|d 123691
|
| 040 |
|
|
|a AR-BeUNQ
|b spa
|c AR-BeUNQ
|e aacr
|
| 245 |
1 |
1 |
|a Neogeografía, Big Data y TIG
|h [recurso electrónico] :
|b problemas y nuevas posibilidades /
|c Joaquín Bosque Sendra.
|
| 256 |
|
|
|a Datos electrónicos (1 archivo doc)
|
| 300 |
|
|
|a recurso electrónico
|
| 500 |
|
|
|a Material digital editado con un formato accesible para uso exclusivo de personas con discapacidad.
|
| 538 |
|
|
|a Requerimientos del material: Procesador de textos y un lector de pantalla.
|
| 594 |
|
|
|a Humacata, Luis
|b LICENCIATURA EN GEOGRAFÍA
|c ANÁLISIS ESPACIAL Y SISTEMAS DE INFORMACIÓN GEOGRÁFICA
|d 2025
|
| 773 |
|
|
|t Polígonos. Revista de Geografía.
|d León, España : Universidad de León, 2015
|g No. 27 (2015), p. 165-173
|
| 856 |
|
|
|z Para solicitar el texto accesible haga click aquí (sólo para personas con discapacidad)
|u https://biblio.unq.edu.ar/consulte/index.php?a=add
|
| 942 |
|
|
|c TA
|